Associations ANESTAPS - Statistiques

Statistiques générales
  • Ce quiz a été pris 54 fois
    38 depuis la dernière actualisation
  • Le résultat moyen est 29 sur 91
Statistiques - réponses
Région de l'association Nom de l'association % Correct
Hauts-de-France BDE STAPS Lille
79%
Île-de-France BDE STAPS Orsay
71%
Nouvelle Aquitaine BDE STAPS Bordeaux
64%
Normandie BDE STAPS Caen
64%
Occitanie BDE STAPS Montpellier
64%
Normandie BDE STAPS Rouen
64%
PACA Corpo STAPS Nice
64%
DROM GWADA STAPS
64%
Occitanie Asso STAPS Toulousain
57%
AURA BDE STAPS Clermont
57%
Bourgogne-Franche-Comté BEDAPS Dijon
57%
Bretagne Roazhon STAPS
57%
Bretagne Armor STAPS
50%
Nouvelle-Aquitaine BDE STAPS Angoulême
50%
Nouvelle-Aquitaine BDE STAPS Poitiers
50%
Île-de-France BDE STAPS UGE
50%
PACA BDS STAPS Marseille
50%
Grand Est CADE STAPS Nancy
50%
AURA MANASTAPS
50%
PACA Mars'Eis
50%
Nouvelle-Aquitaine PASAPA Poitiers
50%
Occitanie Prom'APA
50%
Hauts-de-France ADESA
43%
Grand Est ARES
43%
Occitanie ATESTAPS Tarbes
43%
Bourgogne-Franche-Comté BDE STAPS Bisontin
43%
AURA BDE STAPS Grenoble
43%
Île-de-France BDE STAPS Paris
43%
AURA BDE STAPS Sainté
43%
PACA BDE STAPS Toulon
43%
AURA BDE STAPS Valence
43%
AURA BDE UFRAPS Lyon
43%
Centre-Val de Loire Brigade des STAPS Orléans
43%
Occitanie RéAPS
43%
Corse STAPS Corti
43%
Bourgogne-Franche-Comté AE STAPS Le Creusot
36%
Pays de la Loire AE STAPS Le Mans
36%
Pays de la Loire AE STAPS Nantes
36%
Grand Est Amicale des STAPS Mulhouse
36%
Grand Est Amicale de STAPS Strasbourg
36%
Bretagne APASsociation
36%
Île-de-France BDE BOBBY STAPS
36%
Nouvelle-Aquitaine BDE Limouzi'STAPS
36%
Île-de-France BDE STAPS Héritage Créteil
36%
AURA BEAPS Chambéry
36%
Nouvelle-Aquitaine Euskal STAPS Anglet
36%
Bretagne Les Stapsiates Brest
36%
PACA Mars'APAS
36%
Centre-Val de Loire APAS'O
29%
Occitanie Asso STAPS Font Romeu
29%
Hauts-de-France Asso STAPS Va
29%
Pays de la Loire BDE IFEPSA Angers
29%
Grand Est BDS STAPS Nancy
29%
PACA Initiative STAPS Nice
29%
Hauts-de-France JASH
29%
PACA Olympia STAPS Avignon
29%
Bretagne ADS UCOBS
21%
Nouvelle Aquitaine AMOSPORT
21%
Centre-Val de Loire BDE STAPS Bourges
21%
Île-de-France BDE STAPS Nanterre
21%
PACA Doc SMH
21%
Occitanie Fac'Attitude
21%
Occitanie Montpellier PESAP
21%
Occitanie PROSTAPS
21%
Grand Est ANEM2S
14%
Hauts-de-France APAS STAPS VA’
14%
Occitanie Asso STAPS Nîmes
14%
Nouvelle Aquitaine BaSEMs
14%
Nouvelle Aquitaine BDE Itaso Mendi
14%
Bretagne BDE STAPS Lorient
14%
Bourgogne-Franche-Comté Bi APAS Besançon
14%
Ile-de-France AE STAPS APAS Bobigny
7%
PACA Asso'Mos
7%
DROM Asso STAPS Tahiti
7%
AURA AS STAPS Saint-Étienne
7%
Hauts-de-France BDE STAPS ULCO
7%
Pays de la Loire BDS IFEPSA Angers
7%
DROM ISEPP Tahiti
7%
PACA Les Gabians Rouges
7%
Pays de la Loire Mana'venture
7%
Hauts-de-France MISE
7%
PACA MS STAPS Nice
7%
Occitanie Psycoach
7%
Hauts-de-France STAPS Liévin
7%
Occitanie STAPS Montpellier Basket Association
7%
Grand Est APASTAPS Metz
0%
Occitanie Association Sport EM Montpellier
0%
DROM Association STAPS Réunion
0%
Grand Est ASTAPS Metz
0%
Nouvelle Aquitaine Limouv'in STAPS Brive
0%
Bretagne MS BREST
0%
Aucun quiz correspondant
Distribution des résultats
% des personnes avec chaque résultat
Percentile par nombre de réponses
Votre historique - résultats
Vous n’avez pas pris ce quiz depuis la dernière actualisation